Supplementation with lipid sources in diets for Jersey cows in the first third of lactation (Registro n. 300140)
[ somente texto ]
| 000 -LÍDER | |
|---|---|
| fixed length control field | 04573nab a2200397 i 4500 |
| 003 - CÓDIGO MARC DA AGÊNCIA CATALOGADORA | |
| Campo de controle | BR-BrBNA |
| 005 - DATA E HORA DA ÚLTIMA ATUALIZAÇÃO | |
| Campo de controle | 20240619145715.0 |
| 008 - CAMPO DE TAMANHO FIXO | |
| fixed length control field | 240619b2023 bl.ar|pooa||| 00| 0 eng | |
| 040 ## - FONTE DA CATALOGAÇÃO | |
| Agência catalogadora | BR-BrBNA |
| Idioma da catalogação | eng |
| 072 ## - CATEGORIA AGRIS | |
| Código AGRIS | L51 |
| Código do objeto | 5214 |
| 072 ## - CATEGORIA AGRIS | |
| Código AGRIS | L02 |
| 100 ## - ENTRADA PRINCIPAL - NOME PESSOAL | |
| Nome pessoal | Souza, Ana Paula Binato de |
| 100 ## - ENTRADA PRINCIPAL - NOME PESSOAL | |
| Nome pessoal | Schafhauser Junior, Jorge |
| 100 ## - ENTRADA PRINCIPAL - NOME PESSOAL | |
| Nome pessoal | Scheibler, Rudolf Brand |
| 100 ## - ENTRADA PRINCIPAL - NOME PESSOAL | |
| Nome pessoal | Fluck, Ana Carolina |
| 100 ## - ENTRADA PRINCIPAL - NOME PESSOAL | |
| Nome pessoal | Rizzo, Fábio Antunes |
| 100 ## - ENTRADA PRINCIPAL - NOME PESSOAL | |
| Nome pessoal | Nörnberg, José Laerte |
| 100 ## - ENTRADA PRINCIPAL - NOME PESSOAL | |
| Nome pessoal | Vargas, Diego Prado de |
| 100 ## - ENTRADA PRINCIPAL - NOME PESSOAL | |
| Nome pessoal | Lourenço, Lívia Argoud |
| 245 ## - TÍTULO PRINCIPAL | |
| Título principal | Supplementation with lipid sources in diets for Jersey cows in the first third of lactation |
| 500 ## - NOTA GERAL | |
| Nota geral | Publicação on-line; 32 ref.; 5 tables; Summaries (En, Pt) |
| 942 ## - ADDED ENTRY ELEMENTS (KOHA) | |
| Koha item type | |
| 520 ## - NOTA DE RESUMO | |
| Nota de conteúdo | <br/><br/>Abstract ‒ The objective of this work was to evaluate the effect of the addition of whole-crude oilseeds of linseed, sunflower, and soybean to the diet of Jersey cows, in the first third of lactation, on the following characteristics: intake, apparent nutrient digestibility, milk production and its variables, energycorrected milk, feed efficiency, energy balance, milk fatty acid profile, and blood metabolic profile. Eight multiparous Jersey cows were used in a double Latin square design. The treatments were the experimental diets with the oilseeds, and calcium salts of fatty acids were used as the control. Protein digestibility was lower for soybean, whereas that of ether extract was higher in the control, not differing between the evaluated oilseeds. There was no difference between oilseeds for milk production, milk production corrected for fat, milk nutritional content, feed efficiency, energy balance, and blood metabolic profile. The levels of milk monounsaturated fatty acids increased with the use of sunflower. Higher levels of cis-9, trans-11 conjugated linoleic acid (CLA) in milk were observed in the control. The addition of the evaluated whole-crude oilseeds to the diet of Jersey cows in the first third of lactation does not affect milk production variables, feed efficiency, energy balance, and blood biochemical profile, but alters the fatty acid profile.<br/><br/><br/>Index terms: alternative feeding, bypass fat, energy balance, fatty acid, nutrient intake. |
| 520 ## - NOTA DE RESUMO | |
| Nota de conteúdo | <br/><br/>Resumo – O objetivo deste trabalho foi avaliar o efeito da adição de grãos integrais das oleaginosas linhaça, girassol e soja na dieta de vacas Jersey, no primeiro terço da lactação, sobre as seguintes características: consumo, digestibilidade aparente dos nutrientes, produção de leite e suas variáveis, leite com correção energética, eficiência alimentar, balanço energético, perfil de ácidos graxos do leite e perfil metabólico sanguíneo. Oito vacas Jersey multíparas foram utilizadas em delineamento duplo quadrado latino. Os tratamentos foram as dietas experimentais com as oleaginosas, e sais de cálcio de ácidos graxos foram utilizados como o controle. A digestibilidade da proteína foi menor para a soja, enquanto a do extrato etéreo foi maior no controle, sem diferir entre as oleaginosas. Não houve diferença entre as oleaginosas para produção de leite, produção de leite corrigida para gordura, conteúdo nutricional do leite, eficiência alimentar, balanço energético e perfil metabólico sanguíneo. Os teores de ácidos graxos monoinsaturados no leite aumentaram com uso do girassol. Níveis mais altos de ácido linoleico conjugado cis-9 trans-11 no leite foram observados no controle. A adição das oleaginosas integrais avaliadas na dieta de vacas Jersey, no primeiro terço da lactação, não afeta as variáveis de produção de leite, a eficiência alimentar, o balanço energético e o perfil metabólico sanguíneo, mas altera o perfil de ácidos graxos.<br/><br/><br/>Termos para indexação: alimentos alternativos, fonte de gordura naturalmente protegida, balanço energético, ácidos graxos, consumo de nutrientes. |
| 650 ## - ASSUNTO - THESAGRO | |
| Cabeçalho tópico ou nome geográfico | GADO JERSEY |
| 650 ## - ASSUNTO - THESAGRO | |
| Cabeçalho tópico ou nome geográfico | DIETA |
| 650 ## - ASSUNTO - THESAGRO | |
| Cabeçalho tópico ou nome geográfico | ALIMENTO ALTERNATIVO |
| 650 ## - ASSUNTO - THESAGRO | |
| Cabeçalho tópico ou nome geográfico | LACTAÇÃO |
| 650 ## - ASSUNTO - THESAGRO | |
| Cabeçalho tópico ou nome geográfico | DIGESTIBILIDADE APARENTE |
| 650 ## - ASSUNTO - THESAGRO | |
| Cabeçalho tópico ou nome geográfico | BALANÇO ENERGÉTICO |
| 650 ## - ASSUNTO - THESAGRO | |
| Cabeçalho tópico ou nome geográfico | ÁCIDO GRAXO |
| 650 ## - ASSUNTO - THESAGRO | |
| Cabeçalho tópico ou nome geográfico | EFICIÊNCIA NUTRICIONAL |
| 773 0# - ENTRADA ANALÍTICA | |
| Host Biblionumber | 920 |
| Registro do item | 25804 |
| Imprenta | Brasília-DF Empresa Brasileira de Pesquisa Agropecuária - EMBRAPA 1966- |
| Outro identificador | 2023-436359 |
| Título | Pesquisa Agropecuária Brasileira (Brazil) |
| ISSN | 0100-204X |
| Colação | v. 58 p. 1-10; (2023) |
| Número de controle de registro | BR2024001166 |
| 856 ## - ACESSO E ENDEREÇO ELETRÔNICO | |
| Identificador uniforme de recurso - URI | https://www.scielo.br/j/pab/a/XwyyDwFFr9MdCbjzHFgjQ9f/?format=pdf&lang=en |
Nenhum exemplar disponível.

BINAGRI